01720nam a2200265 450000500170000000800370001704100080005408200180006211000360008024501290011625000180024530000450026349000280030852008170033665000320115365000380118565000450122394200130126826400350128133600270131633700330134333800280137604000350140499900150143920220317001839.0170410s2014 c g 000 0 s aspa04a523.112bD37c2 aDiscovery Communications97787810aColisiones cósmicasbgalaxias, parte 2 = Cosmic collisionsbgalaxies, part 2cDiscovery Communicationshvideodisco digital a1a. edición a1 DVD (23 minutos)bsonido, colorc12 cm aDiscovery en la escuela aLa gravedad es la fuerza que lo mueve todo y nuestro universo permanece en constante movimiento gracias a ella, generando que las colisiones cósmicas sean una realidad que no podemos desconocer... las galaxias chocan entre sí, las estrellas chocan con la violencia de varias bombas nucleares, dando lugar a la creación de nuevos planetas, asteroides y hoyos negros, pero estas explosiones pueden ser mortales y el riesgo es latente para el mundo como lo conocemos, incluso nuestra propia galaxia marcha hacia un enfrentamiento con su vecino galáctico más cercano: Andrómeda. Galaxias colisiones cósmicas es un viaje a través del espacio reconociendo que las batallas cósmicas entre los cuerpos celestes pueden llevarnos a un cataclismo de proporciones hasta ahora desconocidas por el ser humano142LEMBaGalaxiasvVideodiscos142LEMBaVía lácteavVideodiscos142LEMBaColisiones espacialesvVideodiscos 2ddccDVD aBogotábMS Tv & Videosc2014 atextobtxt2rdacontent asin mediaciónbn2rdamedia avolumenbnc2rdacarrier aCO-BoRNBPbspaerdacCO-BoRNBP c8295d8295